书目信息 |
| 题名: |
建筑功能砂浆
|
|
| 作者: | 张雄 , 张永娟 主编 | |
| 分册: | ||
| 出版信息: | 北京 化学工业出版社 2006.06 |
|
| 页数: | 505页 | |
| 开本: | 21cm | |
| 丛书名: | ||
| 单 册: | ||
| 中图分类: | TQ177.6 | |
| 科图分类: | ||
| 主题词: | 砌筑砂浆--qi zhu sha jiang | |
| 电子资源: | ||
| ISBN: | 7-5025-8567-2 | |
| 000 | 00850nam0 2200241 450 | |
| 001 | 012006011804 | |
| 005 | 20070529095132.57 | |
| 010 | @a7-5025-8567-2@dCNY35.00 | |
| 100 | @a20061216d2006 km y0chiy0120 ea | |
| 101 | 0 | @achi |
| 102 | @aCN@b110000 | |
| 105 | @ay a 000yy | |
| 200 | 1 | @a建筑功能砂浆@Ajian zhu gong neng sha jiang@f张雄, 张永娟主编@Fzhang xiong,zhang yong juan zhu bian |
| 210 | @a北京@c化学工业出版社@d2006.06 | |
| 215 | @a505页@d21cm | |
| 320 | @a有书目。 | |
| 330 | @a本书系统介绍了建筑功能砂浆的材料组成、配合比、技术性能、施工工艺和品质要求。其中包括特殊功能要求的耐腐蚀砂浆、防辐射砂浆、纤维防裂抹面砂浆等。 | |
| 606 | 0 | @a砌筑砂浆@Aqi zhu sha jiang |
| 690 | @aTQ177.6@v4 | |
| 701 | 0 | @a张雄@Azhang xiong@4主编 |
| 701 | 0 | @a张永娟@Azhang yong juan@4主编 |
| 801 | 0 | @aCN@c20070529 |
| 905 | @b232773-75@dTQ177.6@eZ212 | |
| 建筑功能砂浆/张雄, 张永娟主编.-北京:化学工业出版社,2006.06 |
| 505页;21cm |
| ISBN 7-5025-8567-2:CNY35.00 |
| 本书系统介绍了建筑功能砂浆的材料组成、配合比、技术性能、施工工艺和品质要求。其中包括特殊功能要求的耐腐蚀砂浆、防辐射砂浆、纤维防裂抹面砂浆等。 |
| ● |
| 相关链接 |
|
|
|
正题名:建筑功能砂浆
索取号:TQ177.6/Z212
 
预约/预借
| 序号 | 登录号 | 条形码 | 馆藏地/架位号 | 状态 | 备注 |
| 1 | 232773 | 202327730 | 自科库501/501自科库 140排2列1层/ [索取号:TQ177.6/Z212] | 在馆 | |
| 2 | 232774 | 202327749 | 自科库501/501自科库 140排2列1层/ [索取号:TQ177.6/Z212] | 在馆 | |
| 3 | 232775 | 202327758 | 期刊室512/501自科库 140排2列1层/ [索取号:TQ177.6/Z212] | 在馆 |